| 000 | 00664nam a2200217Ia 4500 | ||
|---|---|---|---|
| 005 | 20241129104125.0 | ||
| 008 | 241129s9999||||xx |||||||||||||| ||und|| | ||
| 020 | _a9781529730838 | ||
| 037 | _aTextual | ||
| 040 |
_aRTL _beng _cRTL |
||
| 041 |
_aeng _2eng |
||
| 084 |
_aX:1:(S:44) R2 _qRTL |
||
| 100 |
_aEast Robert; Singh Jaywant; Wright Malcolm _9724776 |
||
| 245 | 0 |
_aConsumer behaviour: Applications in marketing _cEast Robert; Singh Jaywant; Wright Malcolm |
|
| 260 |
_aNew Delhi _bSage _c2022 |
||
| 300 | _axii,357p. | ||
| 365 |
_aINR _b4782.17 |
||
| 650 | _aConsumer Behavior | ||
| 942 |
_cTB _hX:1:(S:44) R2 |
||
| 999 |
_c1224523 _d1224523 |
||